Statistics for Ottoman Empire Quiz

Click here to take the quiz!

General Stats

  • This quiz has been taken 6,386 times
  • The average score is 12 of 20

Answer Stats

Question Answer % Correct
What was the capital of the Ottoman Empire?Constantinople
98%
What was the main language of the Ottomans?Turkish
89%
What Empire controlled that city before the Ottomans captured it in 1453?Byzantine Empire
80%
What was the title of the Ottoman ruler?Sultan
80%
What war marked the end of the Ottoman Empire?WWI
75%
What group of people did the Ottomans commit genocide against?Armenians, Assyrians,
and Pontic Greeks
73%
What train line connected the Ottoman Empire and Paris?{Orient} Express
66%
Who founded modern Turkey after the collapse of the empire in 1922?Mustafa Kemal Atatürk
63%
What Wallachian prince fought a bloody resistance against the Ottomans,
impaling thousands of their soldiers?
Vlad the Impaler
62%
What European capital did the Ottomans besiege, but fail to capture,
in 1529 and 1683?
Vienna
61%
What newfangled weapon did the Ottomans used to reduce the once-impregnable
walls of that city?
Cannon
61%
What British adventurer helped command the Arab Revolt against the Ottomans?T.E. Lawrence
56%
What peninsula did Australian and New Zealand troops fail to capture,
suffering terrible casualties?
Gallipoli
52%
What person acted as a sort of Prime Minister for the Empire?Grand {Vizier}
50%
What war did the Ottomans fight against Russia in the 1850s?Crimean War
50%
Who led the empire to a Golden Age during his 46-year reign in the 1500s?Suleiman
the {Magnificent}
49%
What other title did Ottoman rulers take that signified leadership of the
entire Islamic world?
Caliph
45%
What English poet died fighting for Greek independence
from the Ottomans in 1824?
Lord Byron
36%
What elite group of soldiers was initially composed of kidnapped Christian boys
who were converted to Islam?
Janissaries
32%
Who founded the Ottoman Empire in 1299?Osman I
26%

Score Distribution

Percentile by Number Answered

Percent of People with Each Score

Your Score History

You have not taken this quiz